| 000 | 00619nam a22001815i 4500 | ||
|---|---|---|---|
| 001 | 161906 | ||
| 003 | ES-MaACL | ||
| 005 | 20241026201408.0 | ||
| 008 | 950206s1900 sp |||| | spa d | ||
| 040 |
_aCLM _bspa _cCCPB | PA2 |
||
| 100 | 1 |
_aPérez R. Mínguez, Fidel. _9131475 |
|
| 245 | 1 | 3 |
_aEl catalanismo / _cpor Fidel Perez R. Minguez. |
| 260 |
_aMadrid : _b[s.n.], _c1900 ( _fTipo-Litografia y Encuadernación de L. Miñon) |
||
| 300 |
_a44 p. ; _c22 cm. |
||
| 852 |
_aES-MaACL _jT-1345-F-1 _z-- Enc. hol. conservando la cub. original _z-- Enc. en un vol. facticio |
||
| 942 | _2udc | ||
| 999 |
_c161906 _d161906 |
||